000
00278nam a22001097a 4500
008
170119b xxu||||| |||| 00| 0 eng d
020
_a
9781416054382
041
_a
eng
080
_2
7TH
_a
618.2
245
_a
THE ADMINISTRATIVE MEDICAL ASSISTANT
_c
YOUNG-ADAMS, A.P
942
_2
udc
_c
BK
999
_c
3181
_d
3181